000 00294nam a22001337a 4500
008 181030b xxu||||| |||| 00| 0 eng d
020 _a9781551116532
041 _aeng
080 _a101
100 _a24
101 _aFIL
245 _aTheories of Human Nature
_cLoptson, P
942 _2udc
_cBK
999 _c51136
_d51136